000 00680nam a2200229 a 4500
001 BRCA_331
005 20190320202949.0
008 930623r19921989enka bf 001 0 eng
020 _a1852237171
040 _aDLC
_cDLC
050 4 _aNK3780
_b.W44 1992
100 1 _aWensley, Doug
_91102
245 1 0 _aPottery
_bA Manual of Techniques
_cDoug Wensley
260 _aGran Bretaña Wiltshire Ramsbury
_bThe Bath : Crowood
_c1992
300 _a192 p.
_bil. (algunas a color)
_c25 cm.
500 _aIncluye índice
500 _aDonación Consejo Británico
504 _aBibliografía: p. 189.
650 1 4 _aCerámica
_vFabricación
_xManuales
_91103
902 _aDCB
942 _2lcc
_cB
999 _c268
_d268